04650nam a2200565Ia 45000010005000000080041000050100009000460410014000550820013000692450226000822600018003083000007003265200007003336300032003406300017003726300030003896300012004196300013004316500021004446900014004657000048004797000039005277000042005669010090006089020006006989030056007049040018007609050021007789060006007999070014008059080014008199090053008339100015008869110010009019120014009119130009009259140023009349150019009579160009009769170009009859180014009949190035010085202982010439210007040259220007040329230006040399240014040459420010040599990015040695057241029s9999 xx 000 0 und d a4783 aEspañol aCyH-0103 0aReacción de la Familia ante el embarazo en adolescentes de 15 a 19 años, asistidas en la Unidad de Adolescentes del Hospital Elvira Echavarría Vd. Castillo del Municipio de Guerra, en el periodo enero-mayo del 2011. aSanto Domingo a96 a12 aEmbarazo en la Adolescencia aPrevención aPsicología-Evaluación aSistema aSociedad aTerapia Familiar aElaborado easesoraDomínguez Despradel, Luis Eduardo eautoraFabián Tolentino, Yajaira eautoraDilón Blanch, Raquel Caridad a{"1":"Fabián Tolentino","2":"Dilón Blanch"}b{"1":"Yajaira","2":"Raquel Caridad"} a1 a{"1":"Domínguez Despradel"}b{"1":"Luis Eduardo"} aMaestría en aTerapia Familiar a2 aNO APLICA aNO APLICA aInstituto Tecnológico de Santo Domingo (INTEC) aNULLbNULL a["1"] aNO APLICA aNULL a01 de Mayo de 2011 a13/03/17 01:03 aNULL aNULL aNO APLICA a["87","279","173","226","206"] aNormal 0 21 false false false ES X-NONE X-NONE /* Style Definitions */ table.MsoNormalTable{mso-style-name:"Tabla normal";mso-tstyle-rowband-size:0;mso-tstyle-colband-size:0;mso-style-noshow:yes;mso-style-priority:99;mso-style-qformat:yes;mso-style-parent:";mso-padding-alt:0cm 5.4pt 0cm 5.4pt;mso-para-margin-top:0cm;mso-para-margin-right:0cm;mso-para-margin-bottom:10.0pt;mso-para-margin-left:0cm;line-height:115%;mso-pagination:widow-orphan;font-size:11.0pt;font-family:"Calibri","sans-serif";mso-ascii-font-family:Calibri;mso-ascii-theme-font:minor-latin;mso-fareast-font-family:"Times New Roman";mso-fareast-theme-font:minor-fareast;mso-hansi-font-family:Calibri;mso-hansi-theme-font:minor-latin;}El propósito principal de este estudio consistió en conocer las diferentes reacciones de la familia ante un embarazo en adolescentes de 15 a 19 años, asistidas en la Unidad de Adolescentes del Hospital Elvira Echavarría, a la vez, definir ¿cómo es el autoestima de las adolescentes embarazadas?. La metodología aplicada fue de carácter descriptivo y de enfoque cualitativo, se realizaron varias visitas a la unidad de adolescentes del Hospital, para el proceso de recolección de información. Se aplicó un cuestionario y se realizaron entrevistas a los médicos y enfermeras.  Se trabajó con el total 29 adolescentes que asistieron a consulta durante el periodo enero-mayo del 2011, con edades comprendidas entre 15 hasta 19 años, se entrevistó un Gineco-obstetra, un Médico General y una Enfermera.Entre las principales conclusiones, se destacó que las medidas de prevención de embarazo en las adolescentes, tomadas en la unidad del hospital, están dirigidas mayormente a las adolescentes ya embarazadas que llegan a la consulta, en donde se les dan charlas grupales o individualizadas, también se encontró que en la mayoría de los casos la relación familiar de las adolescentes se mantiene igual. Las adolescentes en su gran mayoría se sienten bien con ellas mismas.El estudio recomendó, desarrollar programas preventivos sobre el embarazo en las adolescentes. Mejorar las informaciones sobre los diferentes métodos anticonceptivos a nivel general. Que el estado cumpla con lo establecido en la Ley de Protección al Menor. Las familias deben orientar a los adolescentes sobre la educación sexual, según lo citado en el marco por Bergés: la familia es considerada como la institución más fundamental entre todas las que integran la sociedad, a ella se le atribuyen funciones sexuales, reproductivas, afectivas, educativas y socializadoras. a50 a50 a0 aNO APLICA cTesis c4783d4783